Historia y teoría cultural
Saved in:
| Hovedforfatter: | |
|---|---|
| Format: | Bog |
| Sprog: | spansk |
| Udgivet: |
Valencia
Universitat de València
2011
|
| Fag: | |
| Tags: |
Tilføj Tag
Ingen Tags, Vær først til at tagge denne postø!
|
MARC
| LEADER | 00000cam a2200000 a 4500 | ||
|---|---|---|---|
| 001 | UCF0682 | ||
| 003 | CL-VaPUC | ||
| 008 | 120531e20110000SP |||||||||||||||||spa|d | ||
| 020 | |a 9788437081366 | ||
| 082 | 0 | 4 | |a 901 |b GUN |2 21 |
| 100 | 0 | |a Gunn, Simon |e author |9 562414 | |
| 245 | 1 | 0 | |a Historia y teoría cultural |
| 300 | |a 259 p | ||
| 942 | |c BK | ||
| 945 | |d 20120531 00:00:00 |a dcastane | ||
| 260 | |a Valencia |b Universitat de València |c 2011 | ||
| 650 | 0 | |a Historia |9 255047 | |
| 650 | 0 | |a Ciencias sociales |9 256351 | |
| 650 | 0 | |a Filosofía de la historia |9 265651 | |
| 650 | 0 | |a Cultura |9 269059 | |
| 583 | |a last modification |c 20130320 03:01:52 |k Rodrigo Vera | ||
| 999 | |c 347864 |d 347862 | ||
| 952 | |0 0 |1 0 |4 0 |6 901_000000000000000_GUN_2011 |7 0 |8 A |9 449562 |a BIBHIS |b BIBHIS |d 2019-11-22 |i 4870387 |l 1 |o 901 GUN 2011 |p 4870387 |r 2025-01-20 |s 2023-10-25 |w 2019-11-22 |y BK |k HIS | ||